000 00227nam a22001097a 4500
020 _a978-1-60346-039-2
082 _a823
_bMAC/H
100 _aMACAW
245 _aTHE HAWK & THE CROW
650 _aENGLISH SHORT STORY
942 _cBK
999 _c3446
_d3446